| 000 | 00669nam a2200229 a 4500 | ||
|---|---|---|---|
| 008 | |||
| 020 | _a0077072057 (pbk.) | ||
| 049 | _aMAIN | ||
| 090 |
_aQA911 _bVAR |
||
| 100 | 1 | _aVardy, Alan E. | |
| 245 | 1 | 0 |
_aFluid principles / _cAlan Vardy. |
| 260 |
_aLondon : _bMcGraw-Hill, _cc1990. |
||
| 300 |
_axviii, 360 p. : _bill. ; _c23 cm. |
||
| 440 | _aMcGraw-Hill international series in civil engineering. | ||
| 504 | _aIncludes bibliographical references. | ||
| 650 | 0 | _aFluid dynamics. | |
| 907 |
_a.b10122746 _b08-05-12 _c20-05-04 |
||
| 003 | |||
| 005 | 20230123133719.0 | ||
| 040 | _cNUST | ||
| 942 |
_cBOOKS _kQA911 _mVAR |
||
| 999 |
_c153362 _d153362 |
||